02269nam a22002537a 450000500170000000700150001700800410003202000220007303500100009504000090010510000360011424501020015025600240025226000330027630000280030950011720033750602700150965000350177965000490181465000390186365000340190274000380193685600410197420240305165630.0cr|||| |||| 220418s2021 es |||||s|||| 00||0 spa d a978-84-1381-103-1 a33669 avLex1 aMartínez Gutiérrez, Ángel10aOrigen geográfico y aceites de olivah[Recurso electrónico] /cÁngel Martínez Gutiérrez aServicio en línea aMadrid:bMarcial Pons,c2021 a1 recurso electrónico aLa presente monografía examina la regulación comunitaria de la indicación del origen geográfico en el sector de los aceites de oliva que se contiene, con carácter general, en el Reglamento de Ejecución (UE) núm. 29/2012 de la Comisión, de 13 de enero de 2012, sobre las normas de comercialización del aceite de oliva. Para ello, no solo se ha acudido al estudio de los antecedentes legislativos y de la escasa bibliografía existente, sino también a las cada vez más numerosas decisiones administrativas y judiciales que se han dictado en las últimas fechas sobre el particular. De especial interés para este trabajo de investigación han sido aquellas decisiones dictadas en el ámbito marcario, al clarificar el contenido y alcance de un precepto, cuya interpretación ha distado de ser pacífica desde su adopción. La monografía finaliza con un análisis de la normativa que disciplina la designación de la procedencia geográfica de los aceites de oliva usados como ingredientes de un alimento compuesto, diferenciando no obstante un doble supuesto en razón del carácter protegido de aquellos mediante figura de calidad.1 aDisponible solo en los productos indicadosdvLex GlobaldvLex Global (Academic Edition, excluding Law Schools)dvLex Global (U.S. Academic Edition, Law Schools)dvLex Global (U.S. Academic Edition, excluding Law Schools)dvLex Global (Academic Edition, Law Schools)04aPropiedad IndustrialzEspaña04aDerecho Público y AdministrativozEspaña04aActividad AdministrativazEspaña04aDerecho ComunitariozEspaña0 avLex Libros (Servicio en línea)40uhttps://app.vlex.com/#/sources/33669